000 00707cam a2200145 4500500
005 20251228073710.0
041 _afre
042 _adc
100 1 0 _aQueyrel, François
_eauthor
245 0 0 _aFavaretto Irene, Traversari Gustavo éd., Congresso internazionale, Venezia e l’archeologia, Un importante capitolo nella storia del gusto dell’antico nella cultura artistica veneziana (RdA, Suppl. 7), Rome, Giorgio Bretschneider, 1990, 1 vol. 23,5 × 30, 312 p., 86 pl.
260 _c2005.
500 _a3
786 0 _nRevue archéologique | 40 | 2 | 2005-09-01 | p. 365za-437za | 0035-0737
856 4 1 _uhttps://shs.cairn.info/revue-archeologique-2005-2-page-365za?lang=fr&redirect-ssocas=7080
999 _c1595731
_d1595731